[Event "Berlin Lichtenberger op 17th"]
[Site "Berlin"]
[Date "2018.08.25"]
[Round "8"]
[White "Morczynski, Joachim"]
[Black "Kautz, Stefan"]
[Result "0-1"]
[WhiteElo "1583"]
[BlackElo "1894"]
[PlyCount "54"]
[EventDate "2018.08.18"]
[EventType "swiss"]
[EventRounds "9"]
[EventCountry "GER"]
[SourceTitle "CBM 186 Extra"]
[Source "ChessBase"]
[SourceDate "2018.08.24"]
[SourceVersion "1"]
[SourceVersionDate "2018.08.24"]
[SourceQuality "1"]

1. e4 c5 2. Nf3 d6 3. d4 cxd4 4. Qxd4 a6 5. c4 Nc6 6. Qe3 Nf6 7. h3 g6 8. Nc3 Bg7 9. Nd4 Nxd4 10. Qxd4 0-0 11. Qe3 Bd7 12. Be2 b5 13. Rb1 b4 14. Nd5 Nxd5 15. exd5 Qa5 16. Qb3 Ba4 17. Qd3 Qc7 18. b3 Bd7 19. g4 e6 20. dxe6 fxe6 21. Bb2 e5 22. Qd5+ Kh8 23. Bf3 Rxf3 24. Qxa8+ Rf8 25. Qxa6 Bc6 26. c5 Bxh1 27. cxd6 Qc2 0-1

[Event "Berlin Lichtenberger op 17th"]
[Site "Berlin"]
[Date "2018.08.22"]
[Round "5"]
[White "Kautz, Stefan"]
[Black "Silz, Elisa"]
[Result "1/2-1/2"]
[WhiteElo "1894"]
[BlackElo "2002"]
[PlyCount "63"]
[EventDate "2018.08.18"]
[EventType "swiss"]
[EventRounds "9"]
[EventCountry "GER"]
[SourceTitle "CBM 186 Extra"]
[Source "ChessBase"]
[SourceDate "2018.08.24"]
[SourceVersion "1"]
[SourceVersionDate "2018.08.24"]
[SourceQuality "1"]

1. e4 c5 2. Nc3 d6 3. g3 g6 4. Bg2 Bg7 5. d3 Nc6 6. Nge2 e6 7. Be3 Nd4 8. Qd2 Rb8 9. 0-0 Ne7 10. Bh6 Nxe2+ 11. Nxe2 Bxb2 12. Rab1 Bf6 13. g4 Nc6 14. f4 Nd4 15. Nxd4 Bxd4+ 16. Kh1 b5 17. c3 Qa5 18. Rfc1 Bf6 19. e5 dxe5 20. g5 Be7 21. Bg7 Rg8 22. Bxe5 Rb7 23. Bc6+ Kf8 24. Bxb7 Bxb7+ 25. Kg1 Qb6 26. Qf2 Qc6 27. Kf1 c4 28. dxc4 Qxc4+ 29. Qe2 Qc6 30. Qf2 Bc5 31. Bd4 Qh1+ 32. Ke2 1/2-1/2

[Event "Berlin Lichtenberger op 17th"]
[Site "Berlin"]
[Date "2018.08.21"]
[Round "4"]
[White "Caglar, Erdal"]
[Black "Kautz, Stefan"]
[Result "0-1"]
[WhiteElo "1486"]
[BlackElo "1894"]
[PlyCount "45"]
[EventDate "2018.08.18"]
[EventType "swiss"]
[EventRounds "9"]
[EventCountry "GER"]
[SourceTitle "CBM 186 Extra"]
[Source "ChessBase"]
[SourceDate "2018.08.24"]
[SourceVersion "1"]
[SourceVersionDate "2018.08.24"]
[SourceQuality "1"]

1. e4 c5 2. Nc3 a6 3. f4 d6 4. Nf3 e6 5. d4 cxd4 6. Qxd4 Qc7 7. Bd3 Be7 8. Qf2 Nd7 9. 0-0 Ngf6 10. f5 0-0 11. Qg3 Nc5 12. Bh6 Nh5 13. Qg4 Nxd3 14. cxd3 Kh8 15. Qxh5 gxh6 16. Qxh6 Rg8 17. Rac1 Qb6+ 18. Rf2 Bd7 19. h4 Rg4 20. Ng5 Bxg5 21. hxg5 Qe3 22. Qf6+ Kg8 23. Kf1 0-1

[Event "Berlin Lichtenberger op 17th"]
[Site "Berlin"]
[Date "2018.08.18"]
[Round "1"]
[White "Kautz, Stefan"]
[Black "Sieglen, Joachim"]
[Result "1/2-1/2"]
[WhiteElo "1894"]
[BlackElo "2196"]
[PlyCount "50"]
[EventDate "2018.08.18"]
[EventType "swiss"]
[EventRounds "9"]
[EventCountry "GER"]
[SourceTitle "CBM 186 Extra"]
[Source "ChessBase"]
[SourceDate "2018.08.24"]
[SourceVersion "1"]
[SourceVersionDate "2018.08.24"]
[SourceQuality "1"]

1. e4 e6 2. d3 d5 3. Nd2 c5 4. g3 Nc6 5. Bg2 Nf6 6. Ngf3 Be7 7. 0-0 0-0 8. Re1 b5 9. c3 Ba6 10. a3 Bb7 11. e5 Nd7 12. d4 cxd4 13. cxd4 b4 14. Nb3 bxa3 15. bxa3 Ba6 16. Bf1 Bxf1 17. Kxf1 Rb8 18. Bd2 Qb6 19. Re3 Rfc8 20. Rc3 Nd8 21. Rxc8 Rxc8 22. Bb4 Bxb4 23. axb4 Qxb4 24. Rxa7 Qb6 25. Ra1 h6 1/2-1/2

[Event "Berlin Lichtenberger op 16th"]
[Site "Berlin"]
[Date "2017.08.24"]
[Round "6"]
[White "Kautz, Stefan"]
[Black "Nimptsch, Nikolas"]
[Result "1-0"]
[WhiteElo "1909"]
[BlackElo "1379"]
[PlyCount "55"]
[EventDate "2017.08.19"]
[EventType "swiss"]
[EventRounds "9"]
[EventCountry "GER"]
[SourceTitle "CBM 180 Extra"]
[Source "ChessBase"]
[SourceDate "2017.10.06"]
[SourceVersion "1"]
[SourceVersionDate "2017.10.06"]
[SourceQuality "1"]

1. e4 c5 2. Nc3 g6 3. g3 Bg7 4. Bg2 Nc6 5. d3 d6 6. Be3 Nf6 7. h3 Bd7 8. Nge2 Qc8 9. Qd2 0-0 10. Bh6 a6 11. Bxg7 Kxg7 12. f4 b5 13. e5 Ne8 14. 0-0-0 Nc7 15. g4 b4 16. Ne4 Nb5 17. exd6 exd6 18. f5 f6 19. g5 Bxf5 20. gxf6+ Kh8 21. Qh6 Ra7 22. N2g3 Ncd4 23. Rhf1 c4 24. dxc4 Qxc4 25. Qxf8+ Qg8 26. Qxg8+ Kxg8 27. Nxf5 Nxf5 28. Rde1 1-0

[Event "Berlin Lichtenberger op 15th"]
[Site "Berlin"]
[Date "2016.08.19"]
[Round "7"]
[White "Kautz, Stefan"]
[Black "Schneider, Eckehard"]
[Result "0-1"]
[WhiteElo "1935"]
[BlackElo "1800"]
[PlyCount "94"]
[EventDate "2016.08.13"]
[EventType "swiss"]
[EventRounds "9"]
[EventCountry "GER"]
[SourceTitle "CBM 173 Extra"]
[Source "ChessBase"]
[SourceDate "2016.08.29"]
[SourceVersion "1"]
[SourceVersionDate "2016.08.29"]
[SourceQuality "1"]

1. d4 Nf6 2. Bg5 e6 3. e3 c5 4. c3 d5 5. Bd3 Nbd7 6. Nf3 Be7 7. Nbd2 b6 8. 0-0 Bb7 9. h3 0-0 10. Bf4 Ne4 11. Ne5 Nxe5 12. Bxe5 Bd6 13. Bxd6 Qxd6 14. Nxe4 dxe4 15. Be2 Rad8 16. dxc5 Qxc5 17. Qc2 f5 18. Rad1 Bd5 19. c4 Rc8 20. b3 b5 21. Rc1 Rc7 22. Qd2 bxc4 23. Bxc4 Rfc8 24. Rfd1 Kf8 25. Bxd5 Qxc1 26. Rxc1 Rxc1+ 27. Kh2 exd5 28. Qxd5 R1c5 29. Qe6 R8c6 30. Qd7 Rc7 31. Qd6+ Kf7 32. b4 R5c6 33. Qd5+ Kf6 34. a4 Rc4 35. a5 Rc3 36. b5 Rd3 37. Qa2 Rcc3 38. Qb2 Kg6 39. Qb4 Rb3 40. Qc5 Rb2 41. Qxa7 Rdd2 42. Qb8 Rxf2 43. Qg3+ Kf7 44. a6 Rfc2 45. a7 Ra2 46. Qb8 Rxg2+ 47. Kh1 Rgc2 0-1

[Event "Berlin Lichtenberger op 15th"]
[Site "Berlin"]
[Date "2016.08.18"]
[Round "6"]
[White "Kroencke, Manfred"]
[Black "Kautz, Stefan"]
[Result "1-0"]
[WhiteElo "2039"]
[BlackElo "1935"]
[PlyCount "67"]
[EventDate "2016.08.13"]
[EventType "swiss"]
[EventRounds "9"]
[EventCountry "GER"]
[SourceTitle "CBM 173 Extra"]
[Source "ChessBase"]
[SourceDate "2016.08.29"]
[SourceVersion "1"]
[SourceVersionDate "2016.08.29"]
[SourceQuality "1"]

1. e4 c5 2. Nf3 d6 3. Bb5+ Bd7 4. a4 Nc6 5. 0-0 Nf6 6. d3 e6 7. Bg5 Be7 8. Nbd2 0-0 9. Re1 Qc7 10. Nc4 e5 11. Ne3 a6 12. Bxc6 Bxc6 13. a5 h6 14. Bh4 g6 15. Nd2 Kg7 16. Rf1 Nh5 17. Bxe7 Qxe7 18. Qxh5 gxh5 19. Nf5+ Kf6 20. Nxe7 Kxe7 21. f4 f6 22. fxe5 fxe5 23. Rxf8 Rxf8 24. Rf1 Rxf1+ 25. Nxf1 Bd7 26. Kf2 Kf6 27. Nd2 Be6 28. Kg3 Kg5 29. h3 Bf7 30. Nf3+ Kf6 31. Kh4 Kg6 32. Nd2 Kf6 33. Nc4 d5 34. Nd6 1-0

[Event "Berlin Lichtenberger op 14th"]
[Site "Berlin"]
[Date "2015.08.20"]
[Round "6"]
[White "Badestein, Hartmut"]
[Black "Kautz, Stefan"]
[Result "1/2-1/2"]
[WhiteElo "2055"]
[BlackElo "1919"]
[PlyCount "141"]
[EventDate "2015.08.15"]
[EventType "swiss"]
[EventRounds "9"]
[EventCountry "GER"]
[SourceTitle "EXT 2016"]
[Source "ChessBase"]
[SourceDate "2015.10.08"]
[SourceVersion "1"]
[SourceVersionDate "2015.10.08"]
[SourceQuality "1"]

1. e4 c5 2. Nc3 d6 3. Bb5+ Bd7 4. Bxd7+ Qxd7 5. f4 e6 6. Nf3 Nc6 7. d3 Nf6 8. 0-0 Be7 9. Qe1 0-0 10. Bd2 b5 11. Kh1 b4 12. Nd1 Ne8 13. Nf2 f5 14. c3 a5 15. Qe2 Nc7 16. Rfe1 Bf6 17. e5 dxe5 18. fxe5 Be7 19. Bg5 Bxg5 20. Nxg5 Nd5 21. Rac1 Rad8 22. Nf3 h6 23. Red1 g5 24. Ne1 Nf4 25. Qf3 Ng6 26. Qh5 Kg7 27. Qe2 Qd5 28. cxb4 Nd4 29. Qe3 cxb4 30. Rc7+ Rf7 31. Rdc1 Qxe5 32. Qxe5+ Nxe5 33. R7c5 Nd7 34. Rxa5 Nb6 35. Nf3 Nxf3 36. gxf3 Nd5 37. Rb5 Rdd7 38. a4 bxa3 39. bxa3 Ra7 40. Rb3 Ra4 41. Rc4 Rfa7 42. Rxa4 Rxa4 43. Nd1 Kf6 44. Nb2 Ra7 45. a4 Ke5 46. Ra3 Kf4 47. Kg2 h5 48. h3 Ne3+ 49. Kf2 g4 50. fxg4 fxg4 51. hxg4 hxg4 52. Nc4 g3+ 53. Kg1 Nc2 54. Ra2 Nd4 55. Nd2 Ne2+ 56. Kg2 Kg4 57. a5 Nf4+ 58. Kg1 Nxd3 59. Ra3 Nf4 60. Ne4 g2 61. a6 Kf5 62. Nf2 Rc7 63. Nd3 Ra7 64. Nxf4 Kxf4 65. Kxg2 Ke4 66. Kf2 Kd5 67. Ke3 Kc5 68. Ke4 Kb6 69. Ke5 Rxa6 70. Rxa6+ Kxa6 71. Kxe6 1/2-1/2

[Event "Berlin Werner Ott op"]
[Site "Berlin"]
[Date "2014.07.06"]
[Round "2"]
[White "Bub, Volker"]
[Black "Kautz, Stefan"]
[Result "0-1"]
[WhiteElo "2087"]
[BlackElo "1941"]
[PlyCount "62"]
[EventDate "2014.07.05"]
[EventType "swiss"]
[EventRounds "9"]
[EventCountry "GER"]
[SourceTitle "CBM 161 Extra"]
[Source "ChessBase"]
[SourceDate "2014.08.29"]
[SourceVersion "1"]
[SourceVersionDate "2014.08.29"]
[SourceQuality "1"]

1. g3 d5 2. Nf3 Nf6 3. Bg2 b6 4. 0-0 Bb7 5. d3 e6 6. Nbd2 Nbd7 7. b3 Be7 8. Bb2 0-0 9. e4 dxe4 10. Ng5 Rb8 11. Ngxe4 Nxe4 12. Nxe4 Nf6 13. Qe2 Nxe4 14. dxe4 Qc8 15. Qg4 f6 16. f4 Bc5+ 17. Kh1 Qe8 18. a3 a5 19. c3 b5 20. b4 Bb6 21. Rad1 Qc6 22. Qe2 Rbd8 23. Bf3 Rxd1 24. Rxd1 f5 25. c4 bxc4 26. bxa5 Bxa5 27. Qe3 c3 28. Ba1 c2 29. Rc1 Rd8 30. Bd4 Qc4 31. Bb2 Bd2 0-1

[Event "Mittelrhein Verbandsliga Ost 1314"]
[Site "Mittelrhein"]
[Date "2014.04.06"]
[Round "9.4"]
[White "Kautz, Stefan"]
[Black "Herzwurm, Robert"]
[Result "0-1"]
[WhiteElo "1757"]
[BlackElo "2034"]
[PlyCount "64"]
[EventDate "2013.09.15"]
[EventType "team-tourn"]
[EventRounds "11"]
[EventCountry "GER"]
[SourceTitle "EXT 2023"]
[Source "ChessBase"]
[SourceDate "2022.10.05"]
[SourceVersion "1"]
[SourceVersionDate "2022.10.05"]
[SourceQuality "1"]
[WhiteTeam "Bonn Empor Maulwurf"]
[BlackTeam "Euskirchen Turm"]
[WhiteTeamCountry "GER"]
[BlackTeamCountry "GER"]

1. d4 e6 2. Nf3 f5 3. g3 Nf6 4. Bg2 Be7 5. 0-0 0-0 6. c4 d6 7. Nc3 Ne4 8. Qc2 Nxc3 9. Qxc3 a5 10. e4 fxe4 11. Nd2 d5 12. f3 Nc6 13. fxe4 dxc4 14. Rxf8+ Qxf8 15. Nf3 b5 16. Be3 Ba6 17. d5 exd5 18. exd5 Bf6 19. Qd2 Nb4 20. Nd4 Qd6 21. a3 Nd3 22. Qxa5 Qe5 23. Qd2 Re8 24. Ne6 Qxb2 25. Ra2 Qb1+ 26. Bf1 Bc8 27. Kg2 Bxe6 28. dxe6 Rxe6 29. Bxd3 cxd3 30. Qf2 Rxe3 31. Qxe3 Qxa2+ 32. Kh3 Qxa3 0-1

[Event "Mittelrhein Verbandsliga Ost 1314"]
[Site "Mittelrhein"]
[Date "2014.01.19"]
[Round "6.3"]
[White "Kautz, Stefan"]
[Black "Klein, Manfred"]
[Result "0-1"]
[WhiteElo "1757"]
[BlackElo "1976"]
[PlyCount "62"]
[EventDate "2013.09.15"]
[EventType "team-tourn"]
[EventRounds "11"]
[EventCountry "GER"]
[SourceTitle "EXT 2023"]
[Source "ChessBase"]
[SourceDate "2022.10.05"]
[SourceVersion "1"]
[SourceVersionDate "2022.10.05"]
[SourceQuality "1"]
[WhiteTeam "Bonn Empor Maulwurf"]
[BlackTeam "Siegburg"]
[WhiteTeamCountry "GER"]
[BlackTeamCountry "GER"]

1. e4 c5 2. Nc3 Nc6 3. g3 g6 4. Bg2 Bg7 5. d3 d6 6. Be3 e5 7. Nge2 Nge7 8. Qd2 Nd4 9. 0-0-0 b5 10. h3 b4 11. Nd5 Nxd5 12. exd5 Nf5 13. g4 Nxe3 14. Qxe3 Bf6 15. d4 cxd4 16. Rxd4 a5 17. f4 0-0 18. Rdd1 exf4 19. Nxf4 Ba6 20. Qf2 a4 21. h4 Bg7 22. g5 Bc4 23. Kb1 Bxa2+ 24. Kxa2 b3+ 25. Ka3 bxc2 26. Qxc2 Qa5 27. Nd3 Rab8 28. Ra1 Rb3+ 29. Ka2 Rfb8 30. Rhd1 a3 31. Qxb3 axb2+ 0-1

[Event "Mittelrhein Verbandsliga Ost 1314"]
[Site "Mittelrhein"]
[Date "2013.11.10"]
[Round "3.3"]
[White "Nagel, Thorsten"]
[Black "Kautz, Stefan"]
[Result "1/2-1/2"]
[WhiteElo "2014"]
[BlackElo "1757"]
[PlyCount "29"]
[EventDate "2013.09.15"]
[EventType "team-tourn"]
[EventRounds "11"]
[EventCountry "GER"]
[SourceTitle "EXT 2023"]
[Source "ChessBase"]
[SourceDate "2022.10.05"]
[SourceVersion "1"]
[SourceVersionDate "2022.10.05"]
[SourceQuality "1"]
[WhiteTeam "Rheinbacher SF"]
[BlackTeam "Bonn Empor Maulwurf"]
[WhiteTeamCountry "GER"]
[BlackTeamCountry "GER"]

1. e4 c5 2. Nf3 d6 3. d4 cxd4 4. Nxd4 Nf6 5. Nc3 a6 6. Bc4 e6 7. Bb3 Qc7 8. 0-0 Nc6 9. a4 Be7 10. Be3 Bd7 11. f3 b6 12. Qe2 0-0 13. g4 Nxd4 14. Bxd4 Bc6 15. Rfd1 1/2-1/2

[Event "Mittelrhein Verbandsliga Ost 1314"]
[Site "Mittelrhein"]
[Date "2013.10.13"]
[Round "2.4"]
[White "Koegler, Christof"]
[Black "Kautz, Stefan"]
[Result "1-0"]
[WhiteElo "1905"]
[BlackElo "1757"]
[PlyCount "43"]
[EventDate "2013.09.15"]
[EventType "team-tourn"]
[EventRounds "11"]
[EventCountry "GER"]
[SourceTitle "EXT 2023"]
[Source "ChessBase"]
[SourceDate "2022.10.05"]
[SourceVersion "1"]
[SourceVersionDate "2022.10.05"]
[SourceQuality "1"]
[WhiteTeam "Godesberg IV"]
[BlackTeam "Bonn Empor Maulwurf"]
[WhiteTeamCountry "GER"]
[BlackTeamCountry "GER"]

1. Nf3 d5 2. d4 e6 3. e3 Nf6 4. Bd3 Bd6 5. 0-0 c5 6. b3 Nc6 7. Bb2 Qc7 8. Nbd2 0-0 9. a3 e5 10. dxc5 Bxc5 11. e4 Bg4 12. exd5 Nxd5 13. Bxh7+ Kh8 14. Be4 Nde7 15. Qe1 f6 16. c4 Nf5 17. Kh1 Nfd4 18. Nh4 Bh5 19. Ng6+ Bxg6 20. Bxg6 f5 21. Qe3 Rfd8 22. b4 1-0

[Event "Bad Godesberg op 15th"]
[Site "Bad Godesberg"]
[Date "2011.07.24"]
[Round "2"]
[White "Kautz, Stefan"]
[Black "Klinke, Harald"]
[Result "1-0"]
[WhiteElo "1816"]
[BlackElo "1458"]
[PlyCount "55"]
[EventDate "2011.07.23"]
[EventType "swiss"]
[EventRounds "9"]
[EventCountry "GER"]
[SourceTitle "EXT 2017"]
[Source "ChessBase"]
[SourceDate "2016.10.25"]
[SourceVersion "1"]
[SourceVersionDate "2016.10.25"]
[SourceQuality "1"]

1. d4 d5 2. c4 e6 3. e3 Nf6 4. a3 Bd7 5. Nf3 c5 6. dxc5 Bxc5 7. b4 Be7 8. Bb2 a6 9. Nc3 dxc4 10. Bxc4 b5 11. Bb3 Nc6 12. 0-0 e5 13. h3 0-0 14. Qe2 Qc8 15. Nd5 Nxd5 16. Bxd5 Bd6 17. Rac1 Bxh3 18. Rxc6 Qg4 19. Nd4 Bb8 20. Qxg4 Bxg4 21. Nf3 Re8 22. Ng5 Ra7 23. Rfc1 h6 24. Ne4 Kh7 25. Nc5 Rd8 26. e4 f5 27. f3 fxe4 28. Bxe4+ 1-0

[Event "Berlin Unicorn op"]
[Site "Berlin"]
[Date "2003.05.30"]
[Round "4"]
[White "Keskowski, Thilo"]
[Black "Kautz, Stefan"]
[Result "1-0"]
[WhiteElo "2146"]
[BlackElo "2023"]
[PlyCount "41"]
[EventDate "2003.05.28"]
[EventType "swiss"]
[EventRounds "7"]
[EventCountry "GER"]
[SourceTitle "CBM 094 Extra"]
[Source "ChessBase"]
[SourceDate "2003.07.09"]
[SourceVersion "2"]
[SourceVersionDate "2003.07.09"]
[SourceQuality "1"]

1. e4 c5 2. Nc3 d6 3. g3 g6 4. Bg2 Bg7 5. d3 e6 6. f4 Ne7 7. Nf3 Nbc6 8. 0-0 b6 9. Be3 b5 10. e5 Bb7 11. Ne4 Nf5 12. Bf2 dxe5 13. Nxc5 Qc7 14. Nxe5 Nfe7 15. Qe2 0-0 16. Nxb7 Qxb7 17. Bc5 Bxe5 18. fxe5 Rac8 19. Qf2 Qd7 20. d4 Nxe5 21. dxe5 1-0

[Event "Hamburg HSK Elo op 4th"]
[Site "Hamburg"]
[Date "2003.05.03"]
[Round "1"]
[White "Jacoby, Gisbert"]
[Black "Kautz, Stefan"]
[Result "1-0"]
[WhiteElo "2258"]
[BlackElo "2023"]
[PlyCount "66"]
[EventDate "2003.05.01"]
[EventType "swiss"]
[EventRounds "7"]
[EventCountry "GER"]
[SourceTitle "EXT 2019"]
[Source "ChessBase"]
[SourceDate "2018.10.10"]
[SourceVersion "1"]
[SourceVersionDate "2018.10.10"]
[SourceQuality "1"]

1. c4 c6 2. d4 d5 3. cxd5 cxd5 4. Nc3 Nc6 5. Bf4 a6 6. e3 Bf5 7. Qb3 b5 8. Qxd5 Qxd5 9. Nxd5 Ra7 10. a4 e6 11. axb5 exd5 12. bxc6 Bb4+ 13. Kd1 Ne7 14. Rxa6 Rxa6 15. Bxa6 Nxc6 16. Bb5 Bd7 17. Nf3 f6 18. Ne1 Nb8 19. Bxd7+ Kxd7 20. Nd3 Be7 21. Kd2 Nc6 22. Rc1 Ra8 23. Nc5+ Bxc5 24. Rxc5 Ra5 25. Rxa5 Nxa5 26. Kc3 Kc6 27. f3 f5 28. b4 Nb7 29. Be5 g6 30. Bg7 Nd8 31. Bf8 Ne6 32. Bc5 h5 33. g3 Nf4 1-0

[Event "Leipzig VfB op 10th"]
[Site "Leipzig"]
[Date "2003.03.15"]
[Round "7"]
[White "Kripfganz, Sebastian"]
[Black "Kautz, Stefan"]
[Result "1/2-1/2"]
[WhiteElo "1714"]
[BlackElo "2023"]
[PlyCount "115"]
[EventDate "2003.03.11"]
[EventType "swiss"]
[EventRounds "9"]
[EventCountry "GER"]
[SourceTitle "EXT 2008"]
[Source "ChessBase"]
[SourceDate "2007.11.25"]
[SourceVersion "1"]
[SourceVersionDate "2007.11.25"]
[SourceQuality "1"]

1. c4 c6 2. Nc3 d5 3. cxd5 cxd5 4. d4 Nf6 5. g3 e6 6. a3 a6 7. Nf3 b5 8. Bg2 Bd6 9. 0-0 Bb7 10. Bg5 Nbd7 11. b4 Rc8 12. Rc1 0-0 13. Ne1 Qb6 14. Bxf6 Nxf6 15. e3 Ne4 16. Ne2 a5 17. Nd3 Rc4 18. f3 Nf6 19. Qd2 axb4 20. axb4 Ra8 21. Nc5 Bc6 22. Ra1 Ra4 23. Nxa4 bxa4 24. Rfb1 Bxb4 25. Qb2 Qa5 26. Bf1 a3 27. Qb3 Ba4 28. Rxa3 Bxb3 29. Rxa5 Bxa5 30. Rxb3 g6 31. Nf4 Rc2 32. Bd3 Ra2 33. Ne2 Nd7 34. g4 Nb6 35. e4 Nc4 36. exd5 exd5 37. Bxc4 dxc4 38. Rb8+ Kg7 39. Kf2 c3 40. Ke3 c2 41. Kd3 Ra3+ 42. Kxc2 Rxf3 43. Re8 Bc7 44. h4 Rh3 45. h5 gxh5 46. gxh5 Rxh5 47. Kd3 Rh4 48. Kc4 h5 49. Kc5 Rh1 50. d5 Rd1 51. Kc6 Bh2 52. Re4 Kg6 53. Rd4 Rxd4 54. Nxd4 Bf4 55. d6 Bxd6 56. Kxd6 Kg5 57. Ke5 h4 58. Nf3+ 1/2-1/2

[Event "Leipzig VfB op 10th"]
[Site "Leipzig"]
[Date "2003.03.13"]
[Round "4"]
[White "Kautz, Stefan"]
[Black "Wichmann, Cliff"]
[Result "0-1"]
[WhiteElo "2023"]
[BlackElo "2284"]
[PlyCount "28"]
[EventDate "2003.03.11"]
[EventType "swiss"]
[EventRounds "9"]
[EventCountry "GER"]
[SourceTitle "EXT 2008"]
[Source "ChessBase"]
[SourceDate "2007.11.25"]
[SourceVersion "1"]
[SourceVersionDate "2007.11.25"]
[SourceQuality "1"]

1. e4 e6 2. d3 d5 3. Nd2 Nf6 4. g3 dxe4 5. Nxe4 Nxe4 6. dxe4 Qxd1+ 7. Kxd1 Bc5 8. f4 0-0 9. Nf3 Rd8+ 10. Bd3 b6 11. Ke2 Bb7 12. Be3 Nd7 13. c3 Be7 14. b4 Nf6 0-1

[Event "Berlin op 08"]
[Site "Berlin"]
[Date "2002.08.17"]
[Round "1"]
[White "Kautz, Stefan"]
[Black "Gruenwald, Alexander"]
[Result "1/2-1/2"]
[WhiteElo "1871"]
[BlackElo "1312"]
[PlyCount "86"]
[EventDate "2002.08.17"]
[EventType "swiss"]
[EventRounds "9"]
[EventCountry "GER"]
[SourceTitle "EXT 2007"]
[Source "ChessBase"]
[SourceDate "2006.11.23"]
[SourceVersion "1"]
[SourceVersionDate "2006.11.23"]
[SourceQuality "1"]

1. e4 e5 2. Nf3 Nc6 3. Bb5 a6 4. Ba4 d6 5. 0-0 Nf6 6. Re1 Bg4 7. c3 Be7 8. d3 Qd7 9. h3 Bh5 10. Be3 0-0 11. c4 Rab8 12. Nc3 Qc8 13. Nd5 Nxd5 14. cxd5 Nd8 15. g4 Bg6 16. Rc1 c5 17. b4 f6 18. bxc5 dxc5 19. Nh4 Be8 20. Bb3 Nf7 21. Nf5 Bd6 22. Nxd6 Nxd6 23. Bxc5 Qd8 24. Qd2 Bg6 25. Qb4 a5 26. Qb6 Qxb6 27. Bxb6 Rbc8 28. a4 Ra8 29. Rc7 Rfd8 30. Rec1 h5 31. Bc5 Rab8 32. Bxd6 Rxd6 33. Re7 Rb6 34. Bc4 Rc8 35. d6+ Kf8 36. d7 Rd8 37. Re6 Rc6 38. gxh5 Bxh5 39. Rxc6 bxc6 40. Be6 Bf7 41. Bg4 Bb3 42. Rc5 Bxa4 43. Rxa5 Bb5 1/2-1/2

[Event "Berlin Kreuzberg op 3th"]
[Site "Berlin"]
[Date "2002.07.12"]
[Round "7"]
[White "Kautz, Stefan"]
[Black "Kievelitz, Bernd"]
[Result "1-0"]
[WhiteElo "2021"]
[BlackElo "2131"]
[PlyCount "83"]
[EventDate "2002.07.06"]
[EventType "swiss"]
[EventRounds "9"]
[EventCountry "GER"]
[SourceTitle "EXT 2022"]
[Source "ChessBase"]
[SourceDate "2021.10.06"]
[SourceVersion "1"]
[SourceVersionDate "2021.10.06"]
[SourceQuality "1"]

1. e4 c5 2. Nc3 e6 3. g3 d5 4. d3 Nc6 5. Bg2 d4 6. Nce2 e5 7. f4 exf4 8. Nxf4 Nf6 9. h3 Bd6 10. Nge2 g5 11. Nd5 Nxd5 12. exd5 Ne5 13. 0-0 Bd7 14. c4 Qe7 15. b4 b6 16. Nxd4 cxd4 17. c5 bxc5 18. bxc5 Bxc5 19. d6 Qxd6 20. Bxa8 Bxh3 21. Bg2 Bxg2 22. Kxg2 Qd5+ 23. Kg1 g4 24. Bh6 Nf3+ 25. Kf2 Qc6 26. Rh1 Kd7 27. Rc1 Rc8 28. Rh5 Qe6 29. Qe2 Qxe2+ 30. Kxe2 Re8+ 31. Kf1 Bb6 32. Bf4 Rh8 33. Be5 Re8 34. Bf4 Rh8 35. a4 f6 36. a5 Bd8 37. Rd5+ Ke6 38. Rd6+ Ke7 39. Rc8 Re8 40. Ra8 Ne5 41. Bxe5 fxe5 42. Rh6 1-0

[Event "Berlin Kreuzberg op 3th"]
[Site "Berlin"]
[Date "2002.07.11"]
[Round "6"]
[White "Gebigke, Martin"]
[Black "Kautz, Stefan"]
[Result "1-0"]
[WhiteElo "2167"]
[BlackElo "2021"]
[PlyCount "95"]
[EventDate "2002.07.06"]
[EventType "swiss"]
[EventRounds "9"]
[EventCountry "GER"]
[SourceTitle "EXT 2022"]
[Source "ChessBase"]
[SourceDate "2021.10.06"]
[SourceVersion "1"]
[SourceVersionDate "2021.10.06"]
[SourceQuality "1"]

1. d4 d5 2. c4 c6 3. Nf3 Nf6 4. Nc3 e6 5. Bg5 Be7 6. e3 Nbd7 7. Rc1 0-0 8. Bd3 dxc4 9. Bxc4 Nd5 10. Bxe7 Qxe7 11. 0-0 Nxc3 12. Rxc3 e5 13. dxe5 Nxe5 14. Nxe5 Qxe5 15. f4 Qe7 16. f5 Qf6 17. Rd3 b5 18. Bb3 c5 19. Rd6 Qg5 20. Bxf7+ Kh8 21. Qf3 Rb8 22. Be6 Bb7 23. e4 Qf6 24. b3 Qe5 25. Rd7 Bc6 26. Rxa7 Qd4+ 27. Kh1 c4 28. Rc7 Bxe4 29. Qg4 Qe5 30. Qf4 Qxf4 31. Rxf4 Bd3 32. g4 Ra8 33. bxc4 bxc4 34. Rf2 Ra4 35. Kg2 h6 36. Kg3 g6 37. f6 Ra6 38. Bxc4 Bxc4 39. Rxc4 Raxf6 40. Rxf6 Rxf6 41. a4 g5 42. a5 Kg7 43. Ra4 Ra6 44. Kf3 Kf6 45. Ke4 Ke6 46. Ra2 Ra7 47. a6 Ra8 48. a7 1-0